000 00201nam a22000857a 4500
008 170124b xxu||||| |||| 00| 0 eng d
100 _92557
_aChawla.A
245 _aEnvironment
260 _aNew Delhi
_bDP
_c2010
999 _c5655
_d5655